000
00310nam a22001337a 4500
020
_a
978-93-85175-32-9
082
_a
894.812
_b
RAD/M
100
_a
P.RADHAKRISHNAN
245
_a
MALAYALAM HINDI DICTIONARY
260
_a
TRICHUR
_b
H & C BOOKS
_c
2016
300
_a
144
650
_a
DICTIONARY
_z
KERALA
942
_c
BK
999
_c
1109
_d
1109